[Event "VIII Torneo Karpov"]
[Site "Poikovsky RUS"]
[Date "2007.03.21"]
[Round "6"]
[White "Istratescu, A."]
[Black "Tkachiev, V."]
[Result "1/2-1/2"]
[WhiteElo "2619"]
[BlackElo "2649"]
[PlyCount "28"]
[EventDate "2007.03.15"]
[Source "www.chesslib.no"]
[SourceDate "2004.05.04"]

1. d4 Nf6 2. c4 e6 3. Nf3 b6 4. g3 Bb7 5. Bg2 Be7 6. O-O O-O 7. Nc3 Ne4 8. Nxe4 Bxe4 9. Ne1 Bxg2 10. Nxg2 d5 11. cxd5 exd5 12. Qa4 Qd7 13. Qxd7 Nxd7 14. Nf4 Nf6 1/2-1/2

[Event "Hoogovens"]
[Site "Wijk aan Zee"]
[Date "1995.??.??"]
[Round "?"]
[White "Khalifman, Alexander"]
[Black "Almasi, Zoltan"]
[Result "1/2-1/2"]
[WhiteElo "2645"]
[BlackElo "2620"]
[PlyCount "107"]
[EventDate "1995.01.??"]
[Source "ChessBase"]

1. d4 Nf6 2. c4 e6 3. Nf3 b6 4. g3 Bb7 5. Bg2 Be7 6. Nc3 Ne4 7. Bd2 Bf6 8. Qc2 Nxd2 9. Qxd2 O-O 10. O-O d6 11. Rfd1 Nd7 12. d5 e5 13. e4 g6 14. Qc2 h5 15. b4 h4 16. Na4 hxg3 17. hxg3 Bg7 18. Bh3 Nf6 19. Kg2 c6 20. dxc6 Bxc6 21. Nc3 Qc7 22. Qd3 Qb7 23. Re1 Rfd8 24. Rad1 a6 25. a4 Qe7 26. Qe3 b5 27. axb5 axb5 28. cxb5 Bb7 29. Kg1 Kf8 30. Rd3 d5 31. exd5 e4 32. Nxe4 Nxe4 33. Qxe4 Qxe4 34. Rxe4 Rxd5 35. Rxd5 Bxd5 36. Re3 Ra1+ 37. Bf1 Rb1 38. Re1 Rxb4 39. Ne5 Rb2 40. Ng4 Be6 41. Ne5 g5 42. Nc6 Bf6 43. Rd1 Kg7 44. Kg2 Bc3 45. Bd3 Bb3 46. Rc1 Bd2 47. Rb1 Bd5+ 48. Kg1 Rxb1+ 49. Bxb1 Bxc6 50. bxc6 Ba5 51. Kg2 Kf6 52. Kf3 Ke5 53. Kg4 f6 54. Bf5 1/2-1/2

[Event "Linares"]
[Site "?"]
[Date "1992.??.??"]
[Round "?"]
[White "Salov, Valery B"]
[Black "Ljubojevic, Ljubomir"]
[Result "1-0"]
[WhiteElo "2655"]
[BlackElo "2610"]
[PlyCount "69"]
[EventDate "1992.??.??"]
[Source "www.chesslib.no"]
[SourceDate "2004.05.04"]

1. d4 Nf6 2. c4 e6 3. Nf3 d5 4. g3 Be7 5. Bg2 O-O 6. O-O b6 7. Nc3 Bb7 8. cxd5 exd5 9. Bf4 Na6 10. Qc2 Re8 11. Rad1 Bd6 12. Be5 Qe7 13. a3 Rad8 14. Nb5 Bxe5 15. Nxe5 Ra8 16. e3 c5 17. f4 cxd4 18. exd4 Ne4 19. Qb3 Red8 20. Rfe1 Nc7 21. Nxf7 Qxf7 22. Nxc7 Rac8 23. Nb5 Ba6 24. Nc3 Bc4 25. Qc2 Nd2 26. Qb3 Qe8 27. Qa4 Qf8 28. Qa5 Qf7 29. Qa6 Qe8 30. Qxa7 Qf8 31. Qa8 Qf7 32. Qb8 Qe8 33. Qxc8 Qf8 34. Qxd8 Qe8 35. Qxe8# 1-0

[Event "Chess Classics Masters"]
[Site "Frankfurt"]
[Date "1998.06.17"]
[Round "5"]
[White "Timman, Jan H"]
[Black "Kortschnoj, Viktor"]
[Result "1-0"]
[WhiteElo "2635"]
[BlackElo "2625"]
[PlyCount "132"]
[EventDate "1998.06.17"]
[Source "ChessBase"]
[SourceDate "1998.09.09"]

1. d4 Nf6 2. c4 e6 3. Nf3 b6 4. g3 Bb7 5. Bg2 Be7 6. Nc3 Ne4 7. Bd2 d5 8. cxd5 exd5 9. O-O O-O 10. Rc1 Bd6 11. Qb3 Nxd2 12. Nxd2 c6 13. e4 dxe4 14. Ndxe4 Na6 15. Rfd1 Rc8 16. Bh3 Rc7 17. d5 Nc5 18. Nxc5 bxc5 19. Bg2 c4 20. Qa4 cxd5 21. Nxd5 Bxd5 22. Bxd5 Qf6 23. Rc2 Be5 24. Rxc4 Rxc4 25. Bxc4 Qb6 26. b3 g6 27. Rd7 a5 28. Rxf7 Rxf7 29. Qe8+ Kg7 30. Qxf7+ Kh6 31. Qf8+ Bg7 32. Qf4+ g5 33. Qf5 Qg6 34. Qxa5 Qb1+ 35. Bf1 Bd4 36. Qd2 Qa1 37. h4 Bf6 38. Kg2 Qe5 39. Be2 Qc5 40. b4 Qf5 41. hxg5+ Bxg5 42. Qd6+ Kg7 43. Bd3 Qf7 44. Qe5+ Bf6 45. Qe4 Qxa2 46. Qxh7+ Kf8 47. Qf5 Qb2 48. b5 Ke7 49. Bc4 Bd4 50. g4 Kd6 51. g5 Kc7 52. Kg3 Kb6 53. Bd3 Qd2 54. f3 Qf2+ 55. Kg4 Ka5 56. Kh5 Be3 57. Kg6 Qg1 58. Be4 Bc5 59. Kf7 Qd4 60. g6 Qc4+ 61. Qd5 Qc1 62. g7 Qf4+ 63. Kg6 Qg3+ 64. Qg5 Qd6+ 65. Qf6 Qg3+ 66. Kh7 Qh3+ 1-0

[Event "Hoogovens"]
[Site "Wijk aan Zee"]
[Date "1996.??.??"]
[Round "3"]
[White "Huebner, Robert"]
[Black "Tiviakov, Sergei"]
[Result "1/2-1/2"]
[WhiteElo "2635"]
[BlackElo "2625"]
[PlyCount "50"]
[EventDate "1996.01.??"]
[Source "ChessBase"]

1. d4 Nf6 2. Nf3 e6 3. g3 b6 4. Bg2 Bb7 5. c4 Be7 6. O-O O-O 7. Nc3 Na6 8. d5 Bb4 9. Bg5 Bxc3 10. bxc3 Nc5 11. Nd2 exd5 12. cxd5 h6 13. Bxf6 Qxf6 14. Qc2 c6 15. Nb3 Nxb3 16. axb3 cxd5 17. Rfd1 Rfc8 18. Rac1 Rc5 19. b4 Rc4 20. Bxd5 Bxd5 21. Rxd5 Rac8 22. Qd2 Rxc3 23. Rxc3 Qxc3 24. Qxc3 Rxc3 25. Rxd7 a5 1/2-1/2

[Event "Malmo"]
[Site "Malmo"]
[Date "1996.??.??"]
[Round "5"]
[White "Hansen, Curt"]
[Black "Kortschnoj, Viktor"]
[Result "0-1"]
[WhiteElo "2615"]
[BlackElo "2645"]
[PlyCount "99"]
[EventDate "1996.06.??"]
[Source "ChessBase"]

1. d4 Nf6 2. c4 e6 3. Nf3 b6 4. g3 Bb7 5. Bg2 Be7 6. Nc3 Ne4 7. Bd2 f5 8. d5 Na6 9. O-O O-O 10. Rc1 Bf6 11. a3 c6 12. dxe6 dxe6 13. Qc2 c5 14. Rfd1 Qe7 15. Ne1 Nxd2 16. Bxb7 Qxb7 17. Qxd2 Rad8 18. Qe3 Qe7 19. Qf3 Nb8 20. Nd3 Bxc3 21. bxc3 e5 22. e4 Nc6 23. Ne1 fxe4 24. Qxe4 Qf7 25. Qe2 Rxd1 26. Rxd1 Na5 27. Ng2 Nxc4 28. Ne3 Nxa3 29. c4 b5 30. Rd5 Nxc4 31. Rxc5 Nxe3 32. Qxe3 a6 33. Rxe5 Qf3 34. Qb6 h6 35. Re7 Qd1+ 36. Kg2 Qd5+ 37. Kg1 Rc8 38. Re1 Qc6 39. Qd4 Qb7 40. h4 b4 41. Kh2 b3 42. Re2 Rc1 43. Qd8+ Kh7 44. Qd3+ g6 45. f3 b2 46. h5 b1=Q 47. hxg6+ Kg7 48. Qd4+ Kxg6 49. Qd6+ Kf7 50. Kh3 0-1

[Event "FRG Ch int 4th"]
[Site "Bad Lauterberg GER"]
[Date "1977.??.??"]
[Round "9"]
[White "Andersson, Ulf"]
[Black "Karpov, Anatoly"]
[Result "1/2-1/2"]
[WhiteElo "2565"]
[BlackElo "2690"]
[PlyCount "40"]
[EventDate "1977.03.??"]
[Source "www.chesslib.no"]
[SourceDate "2004.05.04"]

1. c4 Nf6 2. Nf3 b6 3. g3 Bb7 4. Bg2 e6 5. O-O Be7 6. d4 O-O 7. Nc3 d5 8. cxd5 Nxd5 9. Nxd5 exd5 10. Bf4 Nd7 11. Rc1 c5 12. dxc5 bxc5 13. Ne1 Nf6 14. Nd3 Rc8 15. Be3 Qa5 16. Qe1 Qb5 17. a4 Qxa4 18. Bxc5 Bxc5 19. Nxc5 Qb5 20. Nxb7 Rxc1 1/2-1/2

[Event "Novi Sad ol (Men)"]
[Site "Novi Sad YUG"]
[Date "1990.??.??"]
[Round "8"]
[White "Andersson, Ulf"]
[Black "Ljubojevic, Ljubomir"]
[Result "1/2-1/2"]
[WhiteElo "2630"]
[BlackElo "2625"]
[PlyCount "42"]
[EventDate "1990.11.??"]
[Source "www.chesslib.no"]
[SourceDate "2004.05.04"]

1. d4 Nf6 2. Nf3 b6 3. g3 Bb7 4. Bg2 e6 5. O-O Be7 6. c4 O-O 7. Nc3 Ne4 8. Bd2 Bf6 9. Rc1 c5 10. Nxe4 Bxe4 11. Bc3 d6 12. dxc5 dxc5 13. Ne5 Bxg2 14. Kxg2 Qc7 15. Nf3 Rd8 16. Qc2 Bxc3 17. Qxc3 Nc6 18. Rfd1 h6 19. Qe3 Rxd1 20. Rxd1 Rd8 21. Rxd8+ Qxd8 1/2-1/2

[Event "JUG-chT"]
[Site "Budva"]
[Date "1996.??.??"]
[Round "5"]
[White "Sokolov, Andrei"]
[Black "Salov, Valery"]
[Result "1/2-1/2"]
[WhiteElo "2580"]
[BlackElo "2670"]
[PlyCount "34"]
[EventDate "1996.??.??"]
[Source "ChessBase"]

1. c4 Nf6 2. Nf3 e6 3. g3 b6 4. Bg2 Bb7 5. O-O Be7 6. d4 O-O 7. Nc3 Ne4 8. Bd2 Bf6 9. Be1 c5 10. Nxe4 Bxe4 11. Bc3 d6 12. e3 Nc6 13. Qe2 cxd4 14. Nxd4 Bxg2 15. Kxg2 Nxd4 16. Bxd4 Bxd4 17. exd4 Rc8 1/2-1/2

[Event "Portoroz/Ljubljana"]
[Site "Ljubljana"]
[Date "1985.??.??"]
[Round "11"]
[White "Ribli, Zoltan"]
[Black "Portisch, Lajos"]
[Result "1/2-1/2"]
[WhiteElo "2615"]
[BlackElo "2635"]
[PlyCount "29"]
[EventDate "1985.06.??"]
[Source "ChessBase"]

1. d4 Nf6 2. c4 e6 3. Nf3 b6 4. g3 Bb7 5. Bg2 Be7 6. O-O O-O 7. Nc3 Ne4 8. Nxe4 Bxe4 9. Ne1 Bxg2 10. Nxg2 d5 11. Qa4 dxc4 12. Qxc4 c5 13. Be3 cxd4 14. Bxd4 Qc8 15. Rac1 1/2-1/2

[Event "43 Memorial Capablanca"]
[Site "L'Avana CUB"]
[Date "2008.05.14"]
[Round "6"]
[White "Khenkin, I."]
[Black "Tiviakov, S."]
[Result "1/2-1/2"]
[WhiteElo "2609"]
[BlackElo "2635"]
[PlyCount "32"]
[EventDate "2008.05.08"]
[Source "www.chesslib.no"]
[SourceDate "2004.05.04"]

1. d4 Nf6 2. c4 e6 3. Nf3 b6 4. g3 Bb7 5. Bg2 Be7 6. O-O O-O 7. Nc3 Ne4 8. Nxe4 Bxe4 9. Nh4 Bxg2 10. Nxg2 d5 11. Qa4 dxc4 12. Qxc4 c5 13. dxc5 Bxc5 14. Be3 Nd7 15. Rac1 Rc8 16. Bxc5 Rxc5 1/2-1/2

[Event "Haninge"]
[Site "?"]
[Date "1990.??.??"]
[Round "?"]
[White "Andersson, U."]
[Black "Polugaevsky, L."]
[Result "1-0"]
[WhiteElo "2630"]
[BlackElo "2610"]
[PlyCount "107"]
[EventDate "1990.??.??"]
[Source "ChessBase"]
[SourceDate "1990.01.01"]

1. Nf3 Nf6 2. c4 e6 3. Nc3 b6 4. g3 Bb7 5. Bg2 Be7 6. O-O O-O 7. d4 Ne4 8. Nxe4 Bxe4 9. Ne1 Bxg2 10. Nxg2 d5 11. Qa4 c5 12. Be3 cxd4 13. Bxd4 dxc4 14. Qxc4 Qc8 15. Rac1 Na6 16. Nf4 Qxc4 17. Rxc4 Rfd8 18. Be3 b5 19. Rc3 Nb4 20. a3 e5 21. axb4 exf4 22. Bxf4 Bxb4 23. Rc7 h6 24. Ra1 Bd6 25. Bxd6 Rxd6 26. Ra3 a5 27. Rb7 b4 28. Rxb4 Re8 29. Rxa5 Rxe2 30. Rb8+ Kh7 31. Rf5 Rd7 32. g4 g6 33. Rf4 Kg7 34. Kg2 Re5 35. h3 h5 36. b4 hxg4 37. hxg4 g5 38. Rc4 Re2 39. Rb5 f6 40. Rf5 Rb2 41. b5 Rb7 42. Rcc5 Rb4 43. Kf3 Rb3+ 44. Ke2 Rb4 45. f3 Ra7 46. Kd3 Ra3+ 47. Rc3 Ra5 48. Rc7+ Kg6 49. Rc6 Raxb5 50. Rcxf6+ Kh7 51. Rf7+ Kh8 52. Rxb5 Rxb5 53. Rf5 Rb3+ 54. Ke4 1-0

[Event "Elenite"]
[Site "Elenite"]
[Date "1995.??.??"]
[Round "9"]
[White "Azmaiparashvili, Zurab"]
[Black "Gulko, Boris F"]
[Result "0-1"]
[WhiteElo "2620"]
[BlackElo "2620"]
[PlyCount "162"]
[EventDate "1995.09.??"]
[Source "ChessBase"]

1. d4 Nf6 2. Nf3 e6 3. g3 b6 4. Bg2 Bb7 5. O-O Be7 6. c4 O-O 7. Nc3 Ne4 8. Bd2 f5 9. Qc2 Bf6 10. Rad1 Nxc3 11. Bxc3 Be4 12. Qc1 d6 13. Bh3 Qe8 14. Ng5 Qh5 15. Nxe6 Qxh3 16. f3 Bb7 17. Nxc7 Nd7 18. Nxa8 Re8 19. Rf2 Bxa8 20. Bb4 d5 21. Bd6 Nf8 22. Be5 Be7 23. cxd5 Bxd5 24. e4 fxe4 25. fxe4 Bxe4 26. Qf4 Bd5 27. Bxg7 Ng6 28. Qh6 Qg4 29. Re1 Rc8 30. Bf6 Bxf6 31. Rxf6 Qxd4+ 32. Rf2 Bxa2 33. Qd2 Qxd2 34. Rxd2 Rc7 35. h4 Kg7 36. Kh2 h5 37. g4 hxg4 38. Kg3 Bf7 39. Re4 Ne7 40. Kxg4 Nd5 41. Kh3 Rc6 42. Red4 Rc5 43. Kh2 a5 44. Rg2+ Kh6 45. Rf2 Bg6 46. Re2 Rb5 47. Kg1 Kg7 48. Re5 Bf7 49. Rg5+ Kf6 50. Rf4+ Ke6 51. Rf2 Rb4 52. Rg7 Bh5 53. Rh2 a4 54. Kf1 Rd4 55. Kf2 Rd2+ 56. Kg1 Rd1+ 57. Kf2 Rd2+ 58. Kg1 Rd1+ 59. Kf2 Nf6 60. Rhg2 Rd3 61. Kg1 Ne4 62. Kh2 b5 63. Rb7 Rb3 64. Rb8 Bf3 65. Rc2 Ke5 66. Rh8 Kd4 67. Rd8+ Ke3 68. Kh3 b4 69. h5 Bxh5 70. Kh4 Bf3 71. Rb8 Rd3 72. Rc1 Rd5 73. Rh8 Re5 74. Re1+ Be2 75. Rc1 Rg5 76. Ra1 Rg4+ 77. Kh3 Kf2 78. Kh2 Rg2+ 79. Kh3 Ng5+ 80. Kh4 Nf3+ 81. Kh5 Rh2+ 0-1

[Event "Campionato USA"]
[Site "Stillwater USA"]
[Date "2007.05.23"]
[Round "9"]
[White "Onischuk, Al"]
[Black "Gulko, B."]
[Result "1/2-1/2"]
[WhiteElo "2663"]
[BlackElo "2576"]
[PlyCount "49"]
[EventDate "2007.05.15"]
[Source "www.chesslib.no"]
[SourceDate "2004.05.04"]

1. d4 Nf6 2. c4 e6 3. Nf3 b6 4. g3 Bb7 5. Bg2 Be7 6. Nc3 O-O 7. O-O Ne4 8. Bd2 f5 9. d5 Bf6 10. Rc1 Na6 11. a3 c6 12. dxe6 dxe6 13. Qc2 Nxd2 14. Nxd2 Qe7 15. e4 f4 16. e5 Bxe5 17. Rce1 Bxc3 18. Qxc3 Rad8 19. Re2 c5 20. Bxb7 Qxb7 21. Rxe6 Qd7 22. Re2 Qd3 23. Qxd3 Rxd3 24. Ne4 Nc7 25. Rd2 1/2-1/2

[Event "Sao Paulo m"]
[Site "Sao Paulo"]
[Date "1991.??.??"]
[Round "6"]
[White "Nikolic, Predrag"]
[Black "Mecking, Henrique"]
[Result "1/2-1/2"]
[WhiteElo "2620"]
[BlackElo "2615"]
[PlyCount "30"]
[EventDate "1991.02.??"]
[Source "ChessBase"]

1. d4 Nf6 2. c4 e6 3. Nf3 b6 4. g3 Bb7 5. Bg2 Be7 6. Nc3 Ne4 7. Bd2 Bf6 8. Qc2 Nxd2 9. Qxd2 O-O 10. O-O d6 11. d5 e5 12. e4 Nd7 13. b4 Qe7 14. Qc2 g6 15. Nd2 Bg7 1/2-1/2

[Event "DE BL"]
[Site "?"]
[Date "1991.??.??"]
[Round "?"]
[White "Christiansen, Larry M"]
[Black "Khalifman, Alexander V"]
[Result "1/2-1/2"]
[WhiteElo "2590"]
[BlackElo "2640"]
[PlyCount "131"]
[EventDate "1991.??.??"]
[Source "www.chesslib.no"]
[SourceDate "2004.05.04"]

1. d4 Nf6 2. c4 e6 3. Nf3 b6 4. g3 Bb7 5. Bg2 Be7 6. Nc3 Ne4 7. Bd2 Bf6 8. Qc2 Nxd2 9. Qxd2 d6 10. O-O O-O 11. Rad1 Nd7 12. e4 g6 13. Rfe1 Bg7 14. h4 Qe7 15. h5 Rad8 16. Bh3 a6 17. d5 Ne5 18. Nxe5 Bxe5 19. Ne2 Bc8 20. hxg6 hxg6 21. Nc1 Bg7 22. Nd3 exd5 23. exd5 Qf6 24. Bxc8 Rxc8 25. Re4 Rfe8 26. Qe2 Rxe4 27. Qxe4 Qd4 28. Re1 Qxe4 29. Rxe4 Kf8 30. Kg2 Re8 31. Rxe8+ Kxe8 32. Kf3 Ke7 33. Nb4 Bxb2 34. Nxa6 Kd8 35. Nb4 Bc3 36. Nc6+ Kd7 37. g4 Bf6 38. Ke4 Bg7 39. f3 Ke8 40. Kd3 Ba1 41. Kc2 Kd7 42. Kb3 Kc8 43. Kb4 Bf6 44. Kb5 Kb7 45. f4 Bh4 46. f5 gxf5 47. gxf5 Bf6 48. a4 Bg5 49. a5 bxa5 50. Nxa5+ Kc8 51. Kc6 Be3 52. Kb5 Bg5 53. Ka6 Bd2 54. Nc6 Be3 55. Nb4 Bc5 56. Nc6 Be3 57. Kb5 Kd7 58. Kb4 Bg5 59. Kc3 Bf6+ 60. Kd3 Kc8 61. Na5 Bg5 62. Ke4 Kb8 63. Nb3 Kc8 64. Kf3 Kb7 65. Kg4 Be3 66. Na1 1/2-1/2